书目信息 |
| 题名: |
材料生态设计
|
|
| 作者: | 苏达根 , 钟明峰 编著 | |
| 分册: | ||
| 出版信息: | 北京 化学工业出版社 2007 |
|
| 页数: | 167页 | |
| 开本: | 26cm | |
| 丛书名: | ||
| 单 册: | ||
| 中图分类: | TB39 | |
| 科图分类: | ||
| 主题词: | 生态型--材料--高等学校--教材 , 材料 , 生态型 | |
| 电子资源: | ||
| ISBN: | 978-7-5025-9546-3 | |
| 000 | 00910nam0 2200289 450 | |
| 000 | 00916nam0 2200289 450 | |
| 000 | 00849nam0 2200265 450 | |
| 000 | 00813nam0 2200253 45 | |
| 005 | 20070515144216.37 | |
| 010 | @a978-7-5025-9546-3@dCNY22.00 | |
| 100 | @a20070310d2007 em y0chiy0120 ea | |
| 101 | 0 | @achi |
| 102 | @aCN@b110000 | |
| 105 | @ay z 000yy | |
| 200 | 1 | @a材料生态设计@Acai liao sheng tai she ji@f苏达根,钟明峰编著 |
| 210 | @a北京@c化学工业出版社@d2007 | |
| 215 | @a167页@d26cm | |
| 300 | @a高等学校教材 | |
| 330 | @a本书分别介绍了无机材料、高分子材料、金属材料以及功能材料的环境负荷及评价方法,并重点论述了它们的生态设计方法。 | |
| 606 | 0 | @a生态型@x材料@x高等学校@j教材 |
| 606 | 0 | @a材料 |
| 606 | 0 | @a生态型 |
| 690 | @aTB39@v4 | |
| 701 | 0 | @a苏达根@Asu da gen@4编著 |
| 701 | 0 | @a钟明峰@Azhong ming feng@4编著 |
| 801 | 0 | @aCN@bTAOJIN@c20070515 |
| 905 | @a10447@dTB39@e145 | |
| 材料生态设计/苏达根,钟明峰编著.-北京:化学工业出版社,2007 |
| 167页;26cm |
| 高等学校教材 |
| ISBN 978-7-5025-9546-3:CNY22.00 |
| 本书分别介绍了无机材料、高分子材料、金属材料以及功能材料的环境负荷及评价方法,并重点论述了它们的生态设计方法。 |
| ● |
| 相关链接 |
|
|
|
|
正题名:材料生态设计
索取号:TB39/145
 
预约/预借
| 序号 | 登录号 | 条形码 | 馆藏地/架位号 | 状态 | 备注 |
| 1 | 0520365 | 205203652 | 第二样本阅览室/ [索取号:TB39/145] | 在馆 | |
| 2 | 0520366 | 205203661 | 第三借阅区/ [索取号:TB39/145] | 在馆 | |
| 3 | 0520367 | 205203670 | 第三借阅区/ [索取号:TB39/145] | 在馆 |